Statystyki dla Liga Mistrzów 2009/2010

Kliknij tutaj aby rozwiązać quiz!

Ogólne statystyki

  • Ten quiz został rozwiązany 177 razy
  • Średni wynik to 18 z 32

Statystyki odpowiedzi

krajklub% Poprawnych
NiemcyBayern
98%
WłochyJuventus
94%
WłochyInter
93%
HiszpaniaReal Madryt
93%
AngliaManchester United
92%
HiszpaniaBarcelona
89%
AngliaChelsea
87%
WłochyMilan
83%
AngliaArsenal
82%
AngliaLiverpool
80%
HiszpaniaAtletico
75%
RosjaCSKA
71%
PortugaliaPorto
70%
CyprAPOEL
69%
UkrainaDynamo Kijów
63%
SzkocjaRangers
63%
FrancjaOlympique Lyon
61%
HiszpaniaSevilla
57%
FrancjaOlympique Marsylia
56%
NiemcyWolfsburg
53%
TurcjaBesiktas
46%
WłochyFiorentina
41%
FrancjaBordeaux
34%
RosjaRubin
27%
GrecjaOlympiacos
23%
SzwajcariaZurich
22%
BelgiaStandard Liege
21%
NiemcyStuttgart
20%
IzraelMaccabi Hajfa
17%
WęgryDebrecen
15%
HolandiaAlkmaar
11%
RumuniaUnirea
11%

Rozkład punktacji

Percentyl według liczby udzielonych odpowiedzi

Procent ludzi z każdym wynikiem

Twoja historia wyników

Nie rozwiązałeś tego quizu